01754nam a2200457 i 450000100060000000300080000600500170001400600190003100700150005000800410006502000270010603500230013303500240015603500250018003500210020504000310022605000210025708000110027808200140028910000190030324500720032226400520039430000410044633600310048733700330051833800430055149000680059450000230066250400290068558801250071459001640083965000220100365000270102565000220105265500270107470000280110179700190112983000690114885600620121799900170127942198FlNmELB20241216222027.0m o d | cr cnu||||||||150410s2011 cl ob 001 0 spa d a9789563060690 (e book) a(MiAaPQ)EBC3196709 a(Au-PeEL)EBL3196709 a(CaPaEBR)ebr10526695 a(OCoLC)991964469 aFINmELBbspaerdacFINmELB 4aQA184bL126 2011 a512.640 a512.52231 aLabra, Alicia.10aElementos de la teoría de cuerpos /cAlicia Labra, Avelino Suazo. 1aSantiago de Chile :bJ.C. Sáez Editor,c2011. a1 recurso en línea (132 páginas) atextobtxt2rdacontent/spa acomputadorabc2rdamedia/spa arecurso en líneabcr2rdacarrier/spa1 aHerramientas para la formación de profesores de matemáticas aContiene índice. aContiene bibliografía. aDescripción basada en recurso en línea; Título de la página del título en PDF (e-libro, visto April 10, 2015). aRecurso electrónico. Santa Fe, Arg.: e-libro, 2015. Disponible vía World Wide Web. El acceso puede estar limitado para las bibliotecas afiliadas a e-libro. 0aAlgebras, Linear. 0aTeachersxTraining of. 4aÁlgebra lineal. 4aLibros electrónicos.1 aSuazo, Avelino,eautor.2 ae-libro, Corp. 0aHerramientas para la formación de profesores de matemáticas.40uhttps://elibro.net/ereader/politecnicointernacional/68431 c42198d42198